| 000 | 00669nam a2200241 a 4500 | ||
|---|---|---|---|
| 999 |
_c7695 _d7695 |
||
| 001 | 7695 | ||
| 003 | BD-JhCC | ||
| 005 | 20180213111006.0 | ||
| 008 | 180213s1952 i a|||| || | 001 0 eng d | ||
| 035 | _a(BD-JhCC)7695 | ||
| 040 |
_aBD-JhCC _dBD-JhCC |
||
| 041 | _aeng | ||
| 082 |
_a581 _bHIL 1952 |
||
| 100 | _aHill, Albert F. | ||
| 245 |
_aEconomic Botany : _bA Textbook of useful Plants and Plan Products / _cAlbert F. Hill, |
||
| 250 | _a2nd Ed. | ||
| 260 |
_aNew Delhi _bTata Mcgraw-Hill Publishing Company Ltd, _c1952. |
||
| 300 |
_a560 p. : _bill. ; _c26 cm. |
||
| 504 | _aIncludes Index | ||
| 650 | _aEconomic Botany | ||
| 942 |
_2ddc _cBK |
||